000
00291nam a22001337a 4500
008
170315b xxu||||| |||| 00| 0 eng d
020
_a
9780073378244
041
_a
eng
080
_2
6TH
_a
591
100
_a
7
101
_a
shm
245
_a
ANATOMY & PHYSIOLOGY
_c
GUNSTREAM
942
_2
udc
_c
BK
999
_c
7852
_d
7852